Financial patterns and policies in Korea

Uloženo v:
Podrobná bibliografie
Hlavní autor: Edward S. Shaw
Médium: Kniha
Jazyk:Undetermined
Vydáno: Korea The Bank Of Korea 1967
Témata:
Tagy: Přidat tag
Žádné tagy, Buďte první, kdo otaguje tento záznam!
Thư viện lưu trữ: Trung tâm Học liệu Trường Đại học Cần Thơ
LEADER 00509nam a2200193Ia 4500
001 CTU_90552
008 210402s9999 xx 000 0 und d
082 |a 332 
082 |b S534 
100 |a Edward S. Shaw 
245 0 |a Financial patterns and policies in Korea 
245 0 |c Edward S. Shaw 
260 |a Korea 
260 |b The Bank Of Korea 
260 |c 1967 
650 |a financial,policies 
650 |x korea,korea 
904 |i Mai Loan 
980 |a Trung tâm Học liệu Trường Đại học Cần Thơ